Genetic Variability and Path Analysis in Tomata (lycopersicum aseslentun Mill.) (Record no. 50098)

MARC details
000 -LEADER
fixed length control field 00407nam a22001457a 4500
003 - CONTROL NUMBER IDENTIFIER
control field OSt
082 ## - DEWEY DECIMAL CLASSIFICATION NUMBER
Classification number 635.642
Item number P74G
100 ## - MAIN ENTRY--PERSONAL NAME
Personal name Prasad, Ramanandan
245 ## - TITLE STATEMENT
Title Genetic Variability and Path Analysis in Tomata (lycopersicum aseslentun Mill.)
260 ## - PUBLICATION, DISTRIBUTION, ETC. (IMPRINT)
Place of publication, distribution, etc Pusa, Samastipur
Name of publisher, distributor, etc BAU, Sabour, RAU, Pusa
Date of publication, distribution, etc 1989
300 ## - PHYSICAL DESCRIPTION
Extent 77P.
502 ## - DISSERTATION NOTE
Degree type Msc.
Year degree granted 1989
650 ## - SUBJECT ADDED ENTRY--TOPICAL TERM
Topical term or geographic name as entry element Vegetable & Floriculture
942 ## - ADDED ENTRY ELEMENTS (KOHA)
Source of classification or shelving scheme
Koha item type Thesis
Holdings
Withdrawn status Lost status Source of classification or shelving scheme Damaged status Not for loan Home library Current library Date acquired Total Checkouts Full call number Barcode Date last seen Bill Date Koha item type
          Dr. Rajendra Prasad Central Agricultural University Pusa, Dr. Rajendra Prasad Central Agricultural University Pusa, 21/04/2026   635.642 P74G 42511 21/04/2026 21/04/2026 Thesis
Hosted, Implemented, Customized & Maintained by: BestBookBuddies

Powered by Koha